000 00652nam a2200253Ia 4500
003 OSt
005 20221005052558.0
006 a|||||r|||| 00| 0
007 ta
008 221004b |||||||| |||| 00| 0 eng d
020 _a1857150309
024 _a26738
037 _cTextual
040 _aCRL
_cCRL
_beng
041 _2eng
_aeng
082 _aO111,3M82,LH, N1
100 _aWoolf Virginia
245 0 _aTo the Lighthouse
260 _aLondon
_bDavid Campbell UK
_c1991
300 _a238p.
_ccm.
650 _aENGLISH LITERATURE
942 _hO111,3M82,LH, N1
_cTEXL
_2cc
999 _c960586
_d960586